00494nam a22001577a 450000500170000001000150001702000260003203500130005803700130007108200120008410000250009624501020012126000420022327000370026530000340030220150619120345.0 aENG-112880 c175.00a9788172764555 aEN-96412 bDBAD/PUB a954.035 aChokshi, Krishna A . aThinking through Gandhi :cby Krishna A. ChokshibGandhi's ideas and how they can still inspire / aMumbaibBharatiya Vidaya Bhawanc2013 aK.M. Munshi MargbMumbaie400007 axiii,170p. :c22cm(pbk)bill.